Loading...
| Literature - European | 0 | 7 | 0 | 1 | 70 | 35 | 77.14 | 4 | 6 | 0.00 | 0.00 |
| Literature - American | 0 | 5 | 0 | 0 | 50 | 55 | 81.80 | 0 | 4 | 0.00 | 0.00 |
| Literature - British | 0 | 5 | 1 | 0 | 45 | 61 | 78.00 | 2 | 5 | 0.00 | 0.00 |
| Literature - World/Other | 0 | 6 | 3 | 1 | 45 | 68 | 94.00 | 2 | 6 | 0.00 | 0.00 |
| Science - Biology | 0 | 4 | 0 | 1 | 40 | 62 | 85.00 | 2 | 3 | 0.00 | 0.00 |
| Fine Arts - Visual | 0 | 4 | 1 | 1 | 35 | 82 | 108.50 | 0 | 0 | 0.00 | 0.00 |
| Mythology | 0 | 4 | 1 | 1 | 35 | 27 | 77.25 | 1 | 1 | 0.00 | 0.00 |
| Science - Chemistry | 0 | 1 | 0 | 0 | 10 | 64 | 64.00 | 1 | 1 | 0.00 | 0.00 |
| Fine Arts - Other | 0 | 1 | 0 | 0 | 10 | 124 | 124.00 | 0 | 1 | 0.00 | 0.00 |
| History - World | 0 | 1 | 0 | 0 | 10 | 62 | 62.00 | 0 | 1 | 0.00 | 0.00 |
| Religion | 0 | 1 | 0 | 0 | 10 | 111 | 111.00 | 0 | 1 | 0.00 | 0.00 |
| Fine Arts - Classical Music | 0 | 1 | 0 | 0 | 10 | 135 | 135.00 | 0 | 0 | 0.00 | 0.00 |